| 000 | 00368nam a2200145Ia 4500 | ||
|---|---|---|---|
| 008 | 151213s9999 xx 000 0 und d | ||
| 100 | _aTed Hugkes | ||
| 245 |
_aSelected Poems _cTed Hugkes |
||
| 260 |
_aEngland _bLongman York Press _c1989 |
||
| 300 | _a7078 p. | ||
| 650 | _aEnglish Literature | ||
| 650 | _aEnglish Literature | ||
| 700 | _aTed Hugkes | ||
| 999 |
_c3746 _d3746 |
||